Sześć najbliższych krajów - Nauru - Statystyki

Ogólne statystyki
  • Ten quiz został rozwiązany 60 razy
  • Średni wynik to 3 z 6
Statystyki odpowiedzi
km kraj % Poprawnych
288 Kiribati
61%
1160 Tuvalu
53%
776 Mikronezja
47%
598 Wyspy Marshalla
42%
1104 Wyspy Salomona
39%
1392 Papua-Nowa Gwinea
21%
Nie znaleziono quizów pasujących do podanych kryteriów
Rozkład punktacji
Procent ludzi z każdym wynikiem
Percentyl według liczby udzielonych odpowiedzi
Twoja historia wyników
Nie rozwiązałeś tego quizu